Name a Valid Country #7 - Statistics

General Stats
  • This quiz has been taken 64 times
  • The average score is 9 of 12
Answer Stats
Hint Answer % Correct
which uses Peso as currency Argentina | Chile | Colombia | Cuba | Dominican Republic | Mexico | Philippines | Uruguay
89%
whose country's capital is lower than the tip of South Africa Australia | Uruguay | New Zealand
88%
with more than 1000 inhabited islands Indonesia | Chile | Norway | Philippines
86%
with more than 3 Miss Universe titles USA | Venezuela | Philippines
86%
whose life expectancy rate is above 84 years old Monaco | San Marino | Japan
84%
with more than two words in its name Antigua and Barbuda | Bosnia and Herzegovina | Central African Republic | Ivory Coast (Côte d' Ivoire) | Papua New Guinea | Trinidad and Tobago | United Arab Emirates
77%
with less than 10 deaths per million citizens from COVID-19 New Zealand | China | Burundi
75%
that is more than 500km away from next closest country (not in Oceania) Cape Verde | Iceland | Mauritius
72%
that gained sovereignty after 2000 East Timor | Serbia | Montenegro | Kosovo | South Sudan
72%
with the lowest homicide per capita for each continent with a population larger than one million Singapore | Senegal | Norway | New Zealand | Canada | Chile
72%
with only 1 vowel in its name Chad | Cyprus | Egypt | Kyrgyzstan
65%
with higher average elevation above 2000m (6561ft) excluding Himalayas Lesotho | Kyrgyzstan | Tajikistan
26%
No matching quizzes found
Score Distribution
Percent of People with Each Score
Percentile by Number Answered
Your Score History
You have not taken this quiz